000 01087nam a22002417a 4500
999 _c58854
_d58854
003 Ge_BSU
005 20221010150258.0
008 221010s2002 ge ||||| |||| 00| 0 geo d
020 _a9992896559
041 _ageo
080 _a128 ე-82
100 _aერქომაიშვილი, ვახტანგ
_9944
245 _aადამიანი, თავისუფლება, იდეოლოგია /
_c[სარედ. კოლ.: ნ. ბერძენიშვილი და სხვ.].
264 _aთბ. :
_bსახ. უნ-ტის გამ-ბა,
_c2002.
300 _a484 გვ. ;
_b20 სმ.
501 _aპირთა საძიებელი: გვ. 477.
653 _aანთროპოლოგია და ფილოსოფია
653 _aბუნება და საზოგადოება
653 _aყოფიერება
653 _aცნობიერება
700 _a ბერძენიშვილი, ნ.
_eრედაქტორი
_915196
942 _2udc
_cBK